=LDR 00000nam 2200000 4500 =001 INLIS000000000049383 =005 20170214082209.0 =006 =007 =008 =020 ##$$a 978-979-3832-33-3 =035 ##$$0010-021700000000175 =040 ##$$a NBPDMAT =082 ##$$a 633.1 =090 ##$$a 633.1 Muh b =100 ##$$a Muhammad Syahroni =245 ##$$a Budidaya padi / $c Muhammad syahroni =260 ##$$a Mataram : $b Mahani persada, $c 2007 =300 ##$$a iv, 25 hlm . ; $c 20 cm =500 ##$$a Biografi : hlm .25 =650 ##$$a Padi - Budidaya